Animaux très mal décrits #1 - Statistiques

Statistiques générales
  • Ce quiz a été pris 223 fois
    221 depuis la dernière actualisation
  • Le résultat moyen est 4 sur 8
Statistiques - réponses
Hint Réponse % Correct
Une poule qui a oublié comment voler mais qui a décidé de courir à 60 km/h en compensation. Autruche
91%
Un ninja avec un masque noir et blanc, mais qui passe sa journée à bouffer des batons. Panda
88%
Un cheval de luxe qui a mis des chaussettes et un cou très sophistiqué. Girafe
86%
Un oiseau qui a décidé que marcher et piquer les sandwiches des touristes était bien plus drôle que voler. Mouette
69%
Un animal hyperactif qui n’arrête pas de taper avec sa queue, juste pour voir si quelqu’un fait attention. Castor
40%
Un poisson déprimé qui porte une lampe frontale dans le noir. Poisson lanterne
21%
Un cochon qui a découvert les bienfaits d’un régime riche en boue, jouer avec ses selles et qui préfère dormir debout plutôt que de marcher. Hippopotame
20%
C’est une sorte de poulet aquatique qui a décidé de devenir un clown. Pingouin
15%
Aucun quiz correspondant
Distribution des résultats
% des personnes avec chaque résultat
Percentile par nombre de réponses
Votre historique - résultats
Vous n’avez pas pris ce quiz depuis la dernière actualisation